Indovina la band dall'emoji - Statistics

Statistiche generali
  • Questo quiz è stato fatto 249 volte
  • Il punteggio medio è 5 su 10
Statistiche sulle risposte
Suggerimento Band % Corretto
🔫🌹 Guns N' Roses
87%
😘💋 Kiss
87%
👩👑 Queen
86%
🪳🪲 Beatles
69%
🔄🪨 Rolling Stones
50%
🤔🐲 Imagine Dragons
49%
🔳🟣 Deep Purple
42%
🐝🤬 Bee Gees
24%
⚪️🇺🇸 White stripes
13%
😭👻 Tears for Fears
5%
Nessun quiz corrispondente trovato
Distribuzione punteggi
Percentuale di utenti per punteggio
Percentile per numero di risposta
I tuoi punteggi nel tempo
Non hai fatto questo quiz